Open Data Biblioteca Nacional de Portugal


República Portuguesa: Ministério da Cultura
Biblioteca Nacional de Portugal

Catálogo da BNP: acesso por Identificadores Unívocos
Registos Bibliográficos associados ao registo de autoridade

Etiqueta de registo: 00000nam 2200025 450
001 2279556
003 http://id.bnportugal.gov.pt/bib/catbnp/2279556
100 ## $a20260312d2025 k y0pory01030103ba
101 0# $aeng$dpor
102 ## $aPT
105 ## $aa m 000yy
106 ## $ar
200 1# $aMecanismos de evolução e falhas em cascata em sistemas complexos$dMechanisms of evolution and cascading failure in complex systems$fChaoyang Zhang$gorient. José Fernando Mendes, Liang Gao$zeng
210 #9 $aAveiro$c[s.n.],$d2025
215 ## $a1 v.$cil.$d30 cm
328 #1 $aTese dout. Física, Universidade de Aveiro, 2025
510 1# $aMechanisms of evolution and cascading failure in complex systems$zeng
675 ## $a532(043)$vBN$zpor$31230445
700 #1 $aChaoyang,$bZhang$31990936
702 #1 $aMendes,$bJosé Fernando$4727$31688051
702 #1 $aLiang,$bGao$4727$31990940
801 #0 $aPT$bBN$gRPC
966 ## $lBN$mFGMON$x1
971 ## $corlando$d20260312
973 ## $cmlsousa$d20260410

OpendataBNP@bnportugal.pt | Mais informação sobre acesso aos dados BNP